| 000 | 00636cam a22002053a 4500 | ||
|---|---|---|---|
| 001 | 45185 | ||
| 003 | PGUSA | ||
| 005 | 20140828084032.0 | ||
| 008 | 140321s2014||||xxu|||||s|||||000 | eng d | ||
| 040 |
_aPGUSA _beng |
||
| 042 | _adc | ||
| 100 | 1 | _aLewis, Charles Lee | |
| 245 | 1 | 0 |
_aBurritt College Centennial Celebration : _bAugust 13-15, 1948: Address by Charles Lee Lewis _h[electronic resource] / _cCharles Lee Lewis |
| 260 |
_bProject Gutenberg, _c2014 |
||
| 506 | _aPublic domain in the USA. | ||
| 516 | _aElectronic text | ||
| 830 | 0 |
_aProject Gutenberg _v45185 |
|
| 856 | 4 | 0 | _uhttp://www.gutenberg.org/ebooks/45185 |
| 942 | _cEB | ||
| 999 |
_c274436 _d274436 |
||